Zdaňovanie majetku obcí

Postavenie obcí v SR upravujú ustanovenia zákona SNR č. 369/1990 Zb. o obecnom zriadení v znení neskorších predpisov, podľa ktorých je obec právnickou osobou samostatne hospodáriacou s vlastným majetkom. Majetok obcí, ktorý sa prevádza na novokonštituované okresné úrady a krajské úrady podlieha zdaň...

Ausführliche Beschreibung

Gespeichert in:
Bibliographische Detailangaben
1. Verfasser: Bubeníková, Irena
Format: Buchkapitel
Sprache:Slowakisch
Schlagworte:
Tags: Tag hinzufügen
Keine Tags, Fügen Sie das erste Tag hinzu!

MARC

LEADER 00000naa a2200000 4500
001 r030483
005 20230919080837.3
041 0 |a slo 
044 |a SK 
245 1 0 |a Zdaňovanie majetku obcí  |c Irena Bubeníková 
520 |a Postavenie obcí v SR upravujú ustanovenia zákona SNR č. 369/1990 Zb. o obecnom zriadení v znení neskorších predpisov, podľa ktorých je obec právnickou osobou samostatne hospodáriacou s vlastným majetkom. Majetok obcí, ktorý sa prevádza na novokonštituované okresné úrady a krajské úrady podlieha zdaňovaniu majetkovými daňami. Zdaňovanie majetku obcí, ktorý sa prevádza na štátne orgány v súvislosti s uplatňovaním zákona NR SR č. 221/1996 Z.z. o územnom a správnom usporiadaní SR, daňou z nehnuteľností. 
610 2 0 |a majetok 
610 2 0 |a obce 
610 2 0 |a zdaňovanie 
610 2 0 |a dane z nehnuteľností 
610 2 0 |a zákony 
610 2 0 |a Slovensko 
610 2 0 |a členenie územné administratívne 
610 2 0 |a 1996 
100 1 |a Bubeníková, Irena